| 000 -LEADER |
| fixed length control field |
01827nam a22001457a 4500 |
| 008 - FIXED-LENGTH DATA ELEMENTS--GENERAL INFORMATION |
| fixed length control field |
230607b ||||| |||| 00| 0 eng d |
| 100 ## - MAIN ENTRY--PERSONAL NAME |
| Personal name |
Todd, Petra E. and Wolpin, Kenneth I. |
| 245 ## - TITLE STATEMENT |
| Title |
The best of both worlds: Combining randomized controlled trials with structural modeling |
| 260 ## - PUBLICATION, DISTRIBUTION, ETC. (IMPRINT) |
| Place of publication, distribution, etc |
Journal of Economic Literature |
| 300 ## - PHYSICAL DESCRIPTION |
| Extent |
61(1), Mar, 2023: p.41-85 |
| 520 ## - SUMMARY, ETC. |
| Summary, etc |
There is a long-standing debate about the extent to which economic theory should inform econometric modeling and estimation. This debate is particularly evident in the program/policy evaluation literature, where reduced-form (experimental or quasi-experimental) and structural modeling approaches are often viewed as rival methodologies. Reduced-form proponents criticize the assumptions invoked in structural applications. Structural modeling advocates point to the limitations of reduced-form approaches in not being able to inform about program impacts prior to implementation or about the costs and benefits of program designs that deviate from the one that was implemented. In this paper, we argue that there is a new emerging view of a natural synergy between these two approaches, that they can be melded to exploit the advantages and ameliorate the disadvantages of each. We provide examples of how data from randomized controlled trials (RCTs), the exemplar of reduced form practitioners, can be used to enhance the credibility of structural estimation. We also illustrate how the structural approach complements experimental analyses by enabling evaluation of counterfactual policies/programs. Lastly, we survey many recent studies that combine these methodologies in various ways across different subfields within economics.- Reproduced |
| 773 ## - HOST ITEM ENTRY |
| Main entry heading |
Journal of Economic Literature |
| 906 ## - LOCAL DATA ELEMENT F, LDF (RLIN) |
| Subject DIP |
ECONOMICS |
| 942 ## - ADDED ENTRY ELEMENTS (KOHA) |
| Item type |
Articles |